000 00687nam a2200229Ia 4500
003 OSt
005 20220923212113.0
006 a|||||r|||| 00| 0
007 ta
008 220922b |||||||| |||| 00| 0 hin d
024 _a150,738
037 _cTextual
040 _aARTS
_cARTS
_bhin
041 _2hin
_ahin
082 _aL55:35:691, 152K6
100 _aजैन, अक्षय कुमार, अनु.
_9162127
245 0 _aपीडा़हीन प्रसव
246 _aPīḍā़hīn prasava
260 _c1966
942 _hL55:35:691, 152K6
_cTEXL
_2CC
999 _c306418
_d306418